Statystyki dla Miejscowości na Półwyspie Helskim

Kliknij tutaj aby rozwiązać quiz!

Ogólne statystyki

  • Ten quiz został rozwiązany 39 razy
  • Średni wynik to 5 z 6

Statystyki odpowiedzi

Liczba LudnościMiasto% Poprawnych
2805Hel
100%
2608Jastarnia
100%
9295Władysławowo
89%
384Chałupy
78%
356Jurata
72%
532Kuźnica
50%

Rozkład punktacji

Percentyl według liczby udzielonych odpowiedzi

Procent ludzi z każdym wynikiem

Twoja historia wyników

Nie rozwiązałeś tego quizu